1 z 4 Mistrzostwach Świata w Piłce Nożnej - Statystyki

Ogólne statystyki
  • Ten quiz został rozwiązany 818 razy
  • Średni wynik to 10 z 15
Statystyki odpowiedzi
Zagadnienie Odpowiedź % Poprawnych
Gdzie było MŚ 2002 roku. Korei i Japonii
90%
W którym roku Polska wyszła z Grupy na MŚ z podanych. 2022
87%
Kto wygrał mundial w 2006 roku. Włochy
85%
Kto pokonał Holandię w Ćwierćfinale MŚ 2022. Argentyna
84%
W jakim roku z podanych Francja wygrała mundial. 1998
78%
Kto był debiutantem na MŚ 2018. Panama
78%
Do jakiego etapu rozgrywek doszła Brazylia w 2018 roku. Ćwierćfinał
72%
Jakie drużynie Lionel Messi nie strzelił gola na MŚ w katarze Polsce
70%
Król strzelców MŚ w 2014 roku James Rodríguez
64%
Jaki kraj na mistrzostwach świata w 1954 zajął 2 miejsce Węgry
64%
W którym roku Polak był królem strzelców na MŚ 1974
63%
Kto awansował na MŚ 2018 roku. Szwecja
50%
Który z tych piłkarzy nigdy nie został królem strzelców na MŚ Lionel Messi
38%
Od którego roku są 32 drużyny na Mistrzostwach Świata 1998
35%
Jaki kraj awansował najwięcej razy na Mundial a nigdy go nie wygrał Meksyk
31%
Nie znaleziono quizów pasujących do podanych kryteriów
Rozkład punktacji
Procent ludzi z każdym wynikiem
Percentyl według liczby udzielonych odpowiedzi
Twoja historia wyników
Nie rozwiązałeś tego quizu